[Event "XXIII Rapid Open"]
[Site "Villarrobledo SPA"]
[Date "2008.08.03"]
[Round "9"]
[White "Topalov, V."]
[Black "Shirov, A."]
[Result "1-0"]
[WhiteElo "2777"]
[BlackElo "2741"]
[PlyCount "161"]
[EventDate "2008.08.02"]
[Source "www.chesslib.no"]
[SourceDate "2004.05.04"]

1. Nf3 Nf6 2. c4 g6 3. Nc3 d5 4. Qa4+ Bd7 5. Qb3 dxc4 6. Qxc4 a6 7. d3 Bg7 8. g3 O-O 9. Bg2 Bc6 10. O-O Nbd7 11. Bf4 Bxf3 12. Bxf3 c6 13. Qb4 Nb6 14. Qb3 a5 15. Be3 Nfd5 16. Bc5 Nd7 17. Ba3 N5b6 18. Rfd1 Re8 19. Ne4 a4 20. Qc2 Nd5 21. Rac1 Qb6 22. Nc3 Nb4 23. Qd2 e6 24. d4 Red8 25. e3 Nd5 26. Qc2 Nb4 27. Qe2 Nf6 28. Qc4 Bf8 29. Kg2 Qa5 30. Qe2 Nbd5 31. Bxf8 Kxf8 32. a3 Kg7 33. Na2 Qb6 34. Rc2 Qb3 35. Nc1 Qb6 36. Nd3 Ra5 37. Rdc1 Raa8 38. Rc4 Qb5 39. Qc2 Ra7 40. Nc5 Rda8 41. e4 Nb6 42. Rb4 Qa5 43. Qc3 Rc8 44. g4 Nfd7 45. h4 Kg8 46. Qe3 e5 47. Be2 Rd8 48. Qg5 Re8 49. Qe3 Nf6 50. dxe5 Nbd5 51. exd5 Nxd5 52. Qd4 Nxb4 53. axb4 Qd8 54. Nd7 b6 55. Rd1 c5 56. bxc5 bxc5 57. Qd6 Kh8 58. Bc4 Re7 59. Nf6 Qf8 60. Kg3 Rab7 61. Rd2 Qb8 62. Qxb8+ Rxb8 63. f4 Reb7 64. h5 Rxb2 65. Rd6 R2b7 66. Ra6 Kg7 67. g5 gxh5 68. Nxh5+ Kf8 69. Nf6 Kg7 70. Kg4 Rb4 71. Bd5 Rd4 72. Ra7 Rbb4 73. Rxf7+ Kg6 74. Rf8 Rxf4+ 75. Kg3 Rfd4 76. e6 Rd3+ 77. Bf3 Rbb3 78. Ng4 Kxg5 79. e7 Rxf3+ 80. Rxf3 Rb8 81. Nf6 1-0

[Event "XXIV ECC"]
[Site "Kallithea GRE"]
[Date "2008.10.21"]
[Round "5"]
[White "Carlsen, M."]
[Black "Svidler, P."]
[Result "1/2-1/2"]
[WhiteElo "2786"]
[BlackElo "2727"]
[PlyCount "110"]
[EventDate "2008.10.17"]
[Source "www.chesslib.no"]
[SourceDate "2004.05.04"]

1. Nf3 Nf6 2. c4 g6 3. Nc3 d5 4. cxd5 Nxd5 5. Qa4+ Bd7 6. Qh4 Nxc3 7. bxc3 Bg7 8. Rb1 Bc6 9. e4 e6 10. Qxd8+ Kxd8 11. Ng5 Ke8 12. f3 h6 13. Nh3 b6 14. d4 Ba4 15. Nf4 c5 16. Bd2 Ke7 17. d5 g5 18. Nh5 Be5 19. g3 exd5 20. exd5 Bc2 21. Rc1 Bg6 22. f4 Bxh5 23. fxe5 Nd7 24. d6+ Ke6 25. Bh3+ g4 26. Bg2 Rad8 27. O-O Nxe5 28. c4 Rxd6 29. Bc3 f6 30. Bd5+ Kd7 31. Rxf6 Rxf6 32. Bxe5 Rhf8 33. Rd1 Kc8 34. Bxf6 Rxf6 35. Rf1 Rxf1+ 36. Kxf1 Kd7 37. Ke2 Kd6 38. Bb7 b5 39. cxb5 Bf7 40. a3 Bc4+ 41. Kd2 Bxb5 42. Kc3 Bc6 43. Bc8 Bd7 44. Bb7 Be6 45. Be4 Ke5 46. Bc6 c4 47. Bb7 h5 48. Bc6 Bf7 49. Bg2 Bd5 50. Bf1 Ke4 51. Bg2+ Ke5 52. Bf1 a6 53. a4 a5 54. Bxc4 Bc6 55. Bf7 Bxa4 1/2-1/2

[Event "Las Palmas"]
[Site "?"]
[Date "1996.??.??"]
[Round "?"]
[White "Kramnik, Vladimir"]
[Black "Ivanchuk, V."]
[Result "1-0"]
[WhiteElo "2765"]
[BlackElo "2730"]
[PlyCount "99"]
[EventDate "1996.??.??"]
[Source "ChessBase"]
[SourceDate "1996.10.01"]

1. Nf3 Nf6 2. c4 g6 3. Nc3 d5 4. cxd5 Nxd5 5. Qa4+ Bd7 6. Qh4 Nxc3 7. dxc3 Nc6 8. e4 e5 9. Bg5 Be7 10. Bc4 h6 11. Bxe7 Qxe7 12. Qg3 O-O-O 13. O-O Qf6 14. Rad1 Rhe8 15. Bd5 Re7 16. Nd2 Qf4 17. Nc4 Bg4 18. Rd2 Red7 19. f3 Qxg3 20. hxg3 Be6 21. Rfd1 h5 22. a3 Kb8 23. Kf2 a6 24. Bxc6 Rxd2+ 25. Rxd2 Rxd2+ 26. Nxd2 bxc6 27. f4 exf4 28. gxf4 Kc8 29. Kg3 Kd7 30. Kh4 f6 31. e5 fxe5 32. fxe5 Bd5 33. g3 Ke6 34. Kg5 Kxe5 35. Kxg6 h4 36. gxh4 Kf4 37. h5 Ke3 38. c4 Bg2 39. Nb3 Bf1 40. h6 Bxc4 41. Nc5 Ba2 42. Kg7 Bb1 43. Nxa6 Kd4 44. Nxc7 Kc4 45. Ne6 Kb3 46. Nd4+ Kxb2 47. Nxc6 Kxa3 48. Ne5 Kb4 49. Ng6 Bxg6 50. Kxg6 1-0

[Event "Beograd 71/494"]
[Site "?"]
[Date "1997.??.??"]
[Round "?"]
[White "Kramnik, Vladimir"]
[Black "Ivanchuk, Vassily"]
[Result "1/2-1/2"]
[WhiteElo "2770"]
[BlackElo "2725"]
[PlyCount "63"]
[EventDate "1997.??.??"]
[Source "ChessBase"]
[SourceDate "1997.10.01"]

1. Nf3 Nf6 2. c4 g6 3. Nc3 d5 4. Qa4+ Bd7 5. Qb3 dxc4 6. Qxc4 Nc6 7. d4 Bg7 8. e4 O-O 9. e5 Be6 10. exf6 Bxc4 11. fxg7 Kxg7 12. Bxc4 Nxd4 13. Nxd4 Qxd4 14. Be2 Rad8 15. O-O Qe5 16. Be3 Rd7 17. Rfe1 Qa5 18. a3 Rfd8 19. Bg4 f5 20. Bf3 e5 21. Bg5 e4 22. Be2 c6 23. Bxd8 Qxd8 24. Rad1 b5 25. Rxd7+ Qxd7 26. Rd1 Qe6 27. g3 a5 28. Rd2 e3 29. Rd3 exf2+ 30. Kxf2 Qe5 31. Bf3 Qc5+ 32. Kf1 1/2-1/2

[Event "Mondiale 2007"]
[Site "Città del Messico MES"]
[Date "2007.09.25"]
[Round "11"]
[White "Gelfand, Boris"]
[Black "Svidler, Peter"]
[Result "1/2-1/2"]
[WhiteElo "2733"]
[BlackElo "2735"]
[PlyCount "43"]
[EventDate "2007.09.13"]
[Source "www.chesslib.no"]
[SourceDate "2004.05.04"]

1. Nf3 Nf6 2. c4 g6 3. Nc3 d5 4. cxd5 Nxd5 5. Qa4+ Bd7 6. Qb3 Nb6 7. d4 Bg7 8. Bf4 Be6 9. Qa3 O-O 10. e4 c6 11. Rd1 Nc4 12. Bxc4 Bxc4 13. Ne5 Ba6 14. Be3 Qd6 15. f4 Qxa3 16. bxa3 f6 17. Nf3 Nd7 18. d5 Nb6 19. dxc6 bxc6 20. Nd4 Rfc8 21. Ne6 Bh6 22. Kf2 1/2-1/2

[Event "World Blitz"]
[Site "Moscow RUS"]
[Date "2007.11.22"]
[Round "21"]
[White "Grischuk, A."]
[Black "Shirov, A."]
[Result "1/2-1/2"]
[WhiteElo "2715"]
[BlackElo "2739"]
[PlyCount "112"]
[EventDate "2007.11.21"]
[Source "www.chesslib.no"]
[SourceDate "2004.05.04"]

1. Nf3 Nf6 2. c4 g6 3. Nc3 d5 4. cxd5 Nxd5 5. g3 Bg7 6. Bg2 O-O 7. O-O c5 8. Qa4 Nb6 9. Qh4 e5 10. Qxd8 Rxd8 11. d3 c4 12. dxc4 Nxc4 13. Ng5 h6 14. Bd5 Nd6 15. Nge4 Nxe4 16. Bxe4 Nc6 17. Be3 Nd4 18. Rac1 Be6 19. b3 Rac8 20. Bxd4 exd4 21. Nb5 a6 22. Rxc8 Bxc8 23. Nc7 Be5 24. Nd5 Bg4 25. f3 Bh3 26. Rd1 Be6 27. Nf4 Bxf4 28. gxf4 b6 29. Rc1 Rd6 30. Kf2 a5 31. Rc7 a4 32. bxa4 Bxa2 33. Bd3 Bb3 34. Bb5 Be6 35. h4 Kf8 36. Kg3 h5 37. Kf2 Bf5 38. Rb7 d3 39. exd3 Bxd3 40. Bxd3 Rxd3 41. Rxb6 Rd4 42. a5 Rxf4 43. a6 Kg7 44. a7 Ra4 45. Rb7 g5 46. hxg5 Kg6 47. Kg3 Kxg5 48. Rxf7 Kg6 49. Rb7 Kg5 50. f4+ Kf5 51. Kh3 Ra3+ 52. Kh4 Kxf4 53. Kxh5 Ke5 54. Kg6 Kd6 55. Kf7 Kc6 56. Re7 Kb6 1/2-1/2

[Event "Polanica Zdroj 73/13"]
[Site "?"]
[Date "1998.??.??"]
[Round "?"]
[White "Ivanchuk, Vassily"]
[Black "Shirov, Alexei"]
[Result "1-0"]
[WhiteElo "2730"]
[BlackElo "2720"]
[PlyCount "105"]
[EventDate "1998.??.??"]
[Source "ChessBase"]
[SourceDate "1998.06.01"]

1. Nf3 Nf6 2. c4 g6 3. Nc3 d5 4. Qa4+ Bd7 5. Qb3 dxc4 6. Qxc4 Bg7 7. e4 O-O 8. e5 Ng4 9. d4 Nc6 10. Bf4 Na5 11. Qe2 c5 12. h3 cxd4 13. Nxd4 Nh6 14. Rd1 Qb6 15. Qd2 Nf5 16. Nxf5 Bxf5 17. Nd5 Qd8 18. Qb4 Kh8 19. Nxe7 Qb6 20. Qxb6 axb6 21. Nxf5 gxf5 22. Bb5 Nc6 23. a4 Bxe5 24. Bxe5+ Nxe5 25. Rd5 f6 26. f4 Ng6 27. O-O Rad8 28. Rxf5 Rd4 29. g3 Ne7 30. Rh5 Rdd8 31. Rf3 Nd5 32. Kf2 Nb4 33. Re3 Rd2+ 34. Re2 Rfd8 35. Rf5 Kg7 36. g4 Nc2 37. g5 fxg5 38. Rxg5+ Kf6 39. Rge5 Rxe2+ 40. Rxe2 Nb4 41. Re5 Rd2+ 42. Re2 Rd1 43. b3 Nd5 44. Re4 Nc3 45. Re5 Rd4 46. Ke3 Rb4 47. Bc4 Nxa4 48. Re6+ Kg7 49. Kd4 Nc5 50. Re7+ Kf6 51. Rf7+ Kg6 52. f5+ Kg5 53. Kc3 1-0

[Event "60th ch-RUS Superfinal"]
[Site "Moscow RUS"]
[Date "2007.12.30"]
[Round "11"]
[White "Grischuk, A."]
[Black "Svidler, P."]
[Result "1/2-1/2"]
[WhiteElo "2715"]
[BlackElo "2732"]
[PlyCount "77"]
[EventDate "2007.12.18"]
[Source "www.chesslib.no"]
[SourceDate "2004.05.04"]

1. Nf3 Nf6 2. c4 g6 3. Nc3 d5 4. Qa4+ Bd7 5. Qb3 dxc4 6. Qxc4 a6 7. d4 b5 8. Qb3 c5 9. dxc5 Bg7 10. e4 Bc6 11. e5 Nfd7 12. Be3 Nxe5 13. Nxe5 Bxe5 14. f4 Bg7 15. Rd1 Qa5 16. Kf2 e6 17. a3 O-O 18. Be2 Qc7 19. Rd6 Nd7 20. Rhd1 Nf6 21. Qc2 Rfd8 22. Rxd8+ Rxd8 23. Rxd8+ Qxd8 24. Bf3 Bxf3 25. Kxf3 Qa8+ 26. Kg3 Nd7 27. Na2 Nb8 28. Kf2 Nc6 29. Nb4 Ne7 30. Qd3 a5 31. Nc2 Bxb2 32. Qxb5 Bf6 33. Qa4 h5 34. Bd4 Bxd4+ 35. Qxd4 Nf5 36. Qc4 Qc6 37. Ne3 Nxe3 38. Kxe3 Kf8 39. Kf2 1/2-1/2

[Event "Pivdenny Bank Cup"]
[Site "Odessa UCR"]
[Date "2007.07.06"]
[Round "9"]
[White "Bacrot, E."]
[Black "Shirov, A."]
[Result "1/2-1/2"]
[WhiteElo "2695"]
[BlackElo "2735"]
[PlyCount "40"]
[EventDate "2007.07.04"]
[Source "www.chesslib.no"]
[SourceDate "2004.05.04"]

1. Nf3 Nf6 2. c4 g6 3. Nc3 d5 4. cxd5 Nxd5 5. Qa4+ Bd7 6. Qh4 Nxc3 7. dxc3 Nc6 8. e4 e5 9. Bg5 Be7 10. Bxe7 Qxe7 11. Qxe7+ Kxe7 12. Bb5 f6 13. O-O-O a6 14. Bxc6 Bxc6 15. Rhe1 Rad8 16. Rxd8 Rxd8 17. Nd2 Bb5 18. b3 Bd3 19. f3 c5 20. Nf1 Bxf1 1/2-1/2

[Event "Olimpiadi 2008 - open"]
[Site "Dresda GER"]
[Date "2008.11.22"]
[Round "9"]
[White "Bu Xiangzhi"]
[Black "Vachier Lagrave, M."]
[Result "1/2-1/2"]
[WhiteElo "2714"]
[BlackElo "2716"]
[PlyCount "96"]
[EventDate "2008.11.13"]
[Source "www.chesslib.no"]
[SourceDate "2004.05.04"]

1. Nf3 Nf6 2. c4 g6 3. Nc3 d5 4. cxd5 Nxd5 5. Qa4+ Bd7 6. Qb3 Nb6 7. d4 Bg7 8. Bf4 Be6 9. Qa3 O-O 10. e3 N8d7 11. Be2 c5 12. O-O Nc4 13. Qa4 Ndb6 14. Qc2 Bf5 15. Qc1 cxd4 16. Nxd4 Bd7 17. Bxc4 Nxc4 18. Nd5 Ne5 19. Bg5 f6 20. Bf4 Rc8 21. Qd1 Nc6 22. Bg3 Nxd4 23. Qxd4 Bc6 24. Rad1 Qxd5 25. Qxd5+ Bxd5 26. Rxd5 Rfd8 27. Rxd8+ Rxd8 28. f3 f5 29. b3 Rd3 30. Rc1 Rxe3 31. Rc7 Re2 32. Rxb7 Rxa2 33. Rxe7 Bd4+ 34. Kf1 Rb2 35. Rd7 Rb1+ 36. Ke2 Bb6 37. Be5 Rxb3 38. f4 a5 39. Rg7+ Kf8 40. Rxh7 g5 41. Rb7 a4 42. Bd6+ Kg8 43. Rb8+ Kh7 44. fxg5 Bc5 45. Rxb3 axb3 46. Be5 Bd6 47. Bf6 Bxh2 48. Kd3 Kg6 1/2-1/2

[Event "Warsaw"]
[Site "?"]
[Date "1999.??.??"]
[Round "?"]
[White "Ivanchuk Vassily"]
[Black "Svidler Peter"]
[Result "1/2-1/2"]
[WhiteElo "2714"]
[BlackElo "2713"]
[PlyCount "78"]
[EventDate "1999.??.??"]
[Source "www.chesslib.no"]
[SourceDate "2004.05.04"]

1. Nf3 Nf6 2. c4 g6 3. Nc3 d5 4. cxd5 Nxd5 5. Qa4+ Bd7 6. Qb3 Nb6 7. d4 Bg7 8. e4 Bg4 9. a4 Bxf3 10. gxf3 Nc6 11. d5 Nd4 12. Qd1 O-O 13. a5 Nd7 14. Be3 c5 15. dxc6 Nxc6 16. Bb5 a6 17. Bxc6 bxc6 18. Qe2 Ne5 19. Rd1 Qc8 20. f4 Ng4 21. Bc5 Re8 22. O-O e5 23. f3 Nf6 24. Na4 Nd7 25. Be3 exf4 26. Bxf4 Qb7 27. Kh1 Rad8 28. Bg5 Rb8 29. Rf2 Qb5 30. Rxd7 Qxa4 31. Qxa6 Bd4 32. Rd2 Qa1+ 33. Kg2 Qg1+ 34. Kh3 Qxg5 35. R7xd4 Qg1 36. Qxc6 Qf1+ 37. Kg3 Qg1+ 38. Kh3 Qf1+ 39. Kg3 Qg1+ 1/2-1/2

[Event "Batumi"]
[Site "?"]
[Date "1999.??.??"]
[Round "?"]
[White "Gelfand, B."]
[Black "Ivanchuk, V."]
[Result "0-1"]
[WhiteElo "2710"]
[BlackElo "2700"]
[PlyCount "92"]
[EventDate "1999.??.??"]
[Source "Chess Informant"]
[SourceDate "1999.10.01"]

1. Nf3 Nf6 2. c4 g6 3. Nc3 d5 4. cxd5 Nxd5 5. e4 Nxc3 6. dxc3 Qxd1+ 7. Kxd1 Nd7 8. Bf4 c6 9. Kc2 f6 10. Nd2 e5 11. Be3 Bc5 12. Bxc5 Nxc5 13. b4 Na4 14. Nc4 Kd8 15. Nd6 Ke7 16. Rd1 a5 17. b5 Rd8 18. Nxc8+ Raxc8 19. Rxd8 Kxd8 20. b6 Nxb6 21. h4 h6 22. g3 Rc7 23. Be2 Nc8 24. h5 g5 25. Bg4 Nd6 26. Kd3 b5 27. Rd1 Ke7 28. Ke3 b4 29. Rc1 Nb5 30. cxb4 axb4 31. f4 gxf4+ 32. gxf4 Nd4 33. Kd3 Ra7 34. fxe5 fxe5 35. Rb1 Kd6 36. Rxb4 Ra3+ 37. Kd2 Rxa2+ 38. Kd3 Ra3+ 39. Kd2 Rg3 40. Bd1 Nb5 41. Be2 Rg2 42. Kd3 Rh2 43. Bd1 Rh3+ 44. Kd2 Kc5 45. Ra4 Nc3 46. Bg4 Rg3 0-1

[Event "Warsaw"]
[Site "?"]
[Date "1999.??.??"]
[Round "?"]
[White "Van Wely Loek"]
[Black "Svidler Peter"]
[Result "0-1"]
[WhiteElo "2636"]
[BlackElo "2713"]
[PlyCount "58"]
[EventDate "1999.??.??"]
[Source "www.chesslib.no"]
[SourceDate "2004.05.04"]

1. Nf3 Nf6 2. c4 g6 3. Nc3 d5 4. Qa4+ Bd7 5. Qb3 dxc4 6. Qxc4 a6 7. d4 b5 8. Qb3 Be6 9. Qc2 c5 10. dxc5 Bg7 11. g3 Nc6 12. Bg2 Nb4 13. Qd1 Qxd1+ 14. Kxd1 O-O 15. Bd2 Rac8 16. Nd4 Ng4 17. Nxe6 Nxf2+ 18. Kc1 fxe6 19. Rf1 Rxc5 20. Kb1 Rcf5 21. a4 Ne4 22. Rd1 Nxd2+ 23. Rxd2 Rf2 24. Bh3 Rxh2 25. Bxe6+ Kh8 26. axb5 Rh1+ 27. Nd1 axb5 28. Ra5 Bh6 29. Rd7 Rc8 0-1

[Event "Cannes"]
[Site "?"]
[Date "2001.03.22"]
[Round "8.2"]
[White "Lautier Joel"]
[Black "Svidler Peter"]
[Result "0-1"]
[WhiteElo "2653"]
[BlackElo "2696"]
[PlyCount "104"]
[EventDate "2001.??.??"]
[Source "www.chesslib.no"]
[SourceDate "2004.05.04"]

1. Nf3 Nf6 2. c4 g6 3. Nc3 d5 4. Qa4+ Bd7 5. Qb3 dxc4 6. Qxc4 Nc6 7. d4 a6 8. e4 b5 9. Qb3 b4 10. e5 bxc3 11. exf6 cxb2 12. Bxb2 Rb8 13. Qc2 exf6 14. Bc4 Bb4+ 15. Kf1 O-O 16. Rd1 Bd6 17. h4 Nb4 18. Qd2 Bb5 19. Bxb5 Rxb5 20. h5 Nd5 21. g3 Qd7 22. hxg6 fxg6 23. Bc1 Rf7 24. Rh4 Ne7 25. Kg1 Nf5 26. Re4 Re7 27. Rxe7 Nxe7 28. Qe2 Qf5 29. a4 Rb3 30. Qc4+ Qd5 31. Nd2 Rb4 32. Qxd5+ Nxd5 33. Ne4 Rxa4 34. Rd3 Be7 35. Bb2 Rb4 36. Ba3 Rb1+ 37. Kg2 Kf7 38. Bc5 f5 39. Rf3 Ke6 40. Nd2 Rb5 41. Ra3 Bxc5 42. dxc5 Nb4 43. Nb3 Kd5 44. Ra1 Kc4 45. Nd2+ Kxc5 46. Re1 a5 47. Re7 Nd5 48. Rxh7 a4 49. Rh8 a3 50. Ra8 Kb4 51. Kf3 Ra5 52. Rb8+ Nb6 0-1

[Event "BL 0304"]
[Site "Germany"]
[Date "2004.03.08"]
[Round "11.1"]
[White "Bauer, Christian"]
[Black "Svidler, Peter"]
[Result "1/2-1/2"]
[WhiteElo "2602"]
[BlackElo "2723"]
[PlyCount "62"]
[EventDate "2004.03.06"]
[Source "Roberto Alvarez"]
[SourceDate "2004.03.22"]

1. Nf3 Nf6 2. c4 g6 3. Nc3 d5 4. cxd5 Nxd5 5. Qb3 Nb6 6. d4 Bg7 7. Bg5 h6 8. Bh4 Be6 9. Qc2 Nc6 10. Rd1 Nb4 11. Qb1 O-O 12. e3 Bf5 13. e4 Bg4 14. d5 f5 15. a3 g5 16. Bg3 f4 17. axb4 fxg3 18. hxg3 Rxf3 19. Be2 Rxc3 20. Bxg4 Rb3 21. Be6+ Kh8 22. e5 Qe8 23. Qf5 Nc4 24. Qxg5 Qf8 25. d6 Rxb2 26. Bf5 e6 27. dxc7 exf5 28. Rd8 Rb1+ 29. Ke2 Rb2+ 30. Ke1 Rb1+ 31. Ke2 Rb2+ 1/2-1/2

[Event "21st Open"]
[Site "Reykjavik"]
[Date "2004.03.16"]
[Round "9"]
[White "Aronian, Levon"]
[Black "Sutovsky, Emil"]
[Result "1/2-1/2"]
[WhiteElo "2648"]
[BlackElo "2666"]
[PlyCount "39"]
[EventDate "2004.03.07"]
[Source "Roberto Alvarez"]
[SourceDate "2004.03.22"]

1. Nf3 Nf6 2. c4 g6 3. Nc3 d5 4. Qa4+ Bd7 5. Qb3 dxc4 6. Qxc4 Nc6 7. d4 Bg7 8. e4 O-O 9. e5 Be6 10. exf6 Bxc4 11. fxg7 Kxg7 12. Bxc4 Nxd4 13. Nxd4 Qxd4 14. Be2 Qb4 15. a3 Qb3 16. Bd1 Qc4 17. Be2 Qb3 18. Bd1 Qc4 19. Be2 Qb3 20. Bd1 1/2-1/2

[Event "ECC"]
[Site "Rethymnon"]
[Date "2003.10.04"]
[Round "7"]
[White "Khalifman, Alexander"]
[Black "McShane, Luke J"]
[Result "1/2-1/2"]
[WhiteElo "2678"]
[BlackElo "2619"]
[PlyCount "41"]
[EventDate "2003.09.28"]
[Source "Roberto Alvarez"]
[SourceDate "2003.10.06"]

1. Nf3 Nf6 2. c4 g6 3. Nc3 d5 4. Qa4+ Bd7 5. Qb3 dxc4 6. Qxc4 Nc6 7. d4 Bg7 8. e4 O-O 9. e5 Be6 10. exf6 Bxc4 11. fxg7 Kxg7 12. Bxc4 Nxd4 13. Nxd4 Qxd4 14. Be2 Rfd8 15. O-O c6 16. Be3 Qb4 17. Rab1 Rd7 18. a3 Qb3 19. Ne4 b6 20. Nd2 Qe6 21. Bc4 1/2-1/2

[Event "Interzonal"]
[Site "Biel izt"]
[Date "1993.??.??"]
[Round "?"]
[White "Kramnik, Vladimir"]
[Black "Gurevich, Mikhail N"]
[Result "1-0"]
[WhiteElo "2685"]
[BlackElo "2610"]
[PlyCount "60"]
[EventDate "1993.??.??"]
[Source "www.chesslib.no"]
[SourceDate "2004.05.04"]

1. Nf3 Nf6 2. c4 g6 3. Nc3 d5 4. cxd5 Nxd5 5. Qa4+ Bd7 6. Qh4 Bc6 7. Qd4 f6 8. e3 Bg7 9. Be2 e5 10. Qc4 Qd6 11. O-O Nd7 12. d4 f5 13. Qb3 e4 14. Nd2 a5 15. a4 h5 16. Nb5 Qe7 17. Nc4 Nf8 18. Bd2 Ne6 19. Nxa5 Rxa5 20. Bxa5 f4 21. Bc4 f3 22. Bxd5 Qg5 23. Bxc6+ Ke7 24. g3 bxc6 25. Nxc7 Nd8 26. Qb4+ Kd7 27. d5 Qg4 28. dxc6+ Nxc6 29. Rfd1+ Kc8 30. Qb6 Nxa5 1-0

[Event "Beograd"]
[Site "?"]
[Date "1989.??.??"]
[Round "?"]
[White "Kasparov, Garry"]
[Black "Popovic, P."]
[Result "1-0"]
[WhiteElo "2775"]
[BlackElo "2515"]
[PlyCount "77"]
[EventDate "1989.??.??"]
[Source "ChessBase"]
[SourceDate "1989.07.01"]

1. Nf3 Nf6 2. c4 g6 3. Nc3 d5 4. cxd5 Nxd5 5. Qa4+ Bd7 6. Qh4 Nf6 7. e4 Bg4 8. Ne5 Be6 9. f4 Bg7 10. Qf2 O-O 11. d4 Nc6 12. Nxc6 bxc6 13. h3 Qb8 14. Bd3 Rd8 15. Be3 Qb4 16. O-O Rab8 17. Rab1 Ne8 18. e5 f5 19. Rfc1 Bf8 20. b3 Ng7 21. Na4 Bd5 22. Nc5 Qb6 23. b4 e6 24. Na6 Rbc8 25. a4 Qb7 26. Qf1 Qa8 27. Bc4 Be4 28. Rb2 Kh8 29. Bd3 Bd5 30. Kh2 Be7 31. Rbc2 Rd7 32. b5 cxb5 33. Nxc7 Qb7 34. Nxd5 Rxc2 35. Rxc2 Rxd5 36. Bxb5 Rd8 37. Qc1 Qe4 38. Rc3 h6 39. Bc6 1-0

[Event "VIII Torneo Karpov"]
[Site "Poikovsky RUS"]
[Date "2007.03.23"]
[Round "8"]
[White "Alekseev, Evgeny"]
[Black "Sutovsky, E."]
[Result "1/2-1/2"]
[WhiteElo "2661"]
[BlackElo "2629"]
[PlyCount "119"]
[EventDate "2007.03.15"]
[Source "www.chesslib.no"]
[SourceDate "2004.05.04"]

1. Nf3 Nf6 2. c4 g6 3. g3 d5 4. cxd5 Nxd5 5. Bg2 Bg7 6. O-O O-O 7. Nc3 c5 8. Qb3 e6 9. d3 Nc6 10. Bg5 Qd7 11. Rac1 b6 12. Rfe1 Bb7 13. Qa4 h6 14. Bd2 Rad8 15. a3 Nxc3 16. Bxc3 Nd4 17. Qxd7 Nxf3+ 18. Bxf3 Rxd7 19. Bxb7 Rxb7 20. b4 Bxc3 21. Rxc3 cxb4 22. axb4 a5 23. Ra1 axb4 24. Rb3 Rc8 25. Ra2 Rbc7 26. Rxb4 Rc2 27. Rxc2 Rxc2 28. Kf1 Rc6 29. Ke1 h5 30. Kd2 Rd6 31. Kc3 Kf8 32. Rc4 Ke7 33. Kb4 Rd5 34. Rc7+ Kf6 35. Ra7 Rc5 36. Ra2 g5 37. d4 Rc1 38. Kb5 Rh1 39. e4 Rd1 40. Kc4 Rc1+ 41. Kb5 Re1 42. e5+ Kf5 43. Kxb6 g4 44. Kc6 Rh1 45. Kd6 Rxh2 46. Ke7 h4 47. gxh4 g3 48. Ra3 gxf2 49. Rf3+ Ke4 50. Rxf7 Kxd4 51. Kxe6 Ke3 52. Kd6 Rxh4 53. e6 Rd4+ 54. Kc7 Re4 55. Kd6 Ke2 56. e7 f1=R 57. Rxf1 Kxf1 58. Kd7 Ke1 59. e8=R Rxe8 60. Kxe8 1/2-1/2

[Event "Rapid"]
[Site "Beer Sheva ISR"]
[Date "2007.10.20"]
[Round "4"]
[White "Roiz, M."]
[Black "Smirin, I."]
[Result "1-0"]
[WhiteElo "2644"]
[BlackElo "2639"]
[PlyCount "95"]
[EventDate "2007.10.20"]
[Source "www.chesslib.no"]
[SourceDate "2004.05.04"]

1. c4 Nf6 2. Nc3 g6 3. g3 Bg7 4. Bg2 O-O 5. d3 c6 6. e4 d5 7. cxd5 cxd5 8. e5 Nfd7 9. d4 Nb6 10. Nge2 Nc6 11. O-O Bg4 12. h3 Bxe2 13. Nxe2 e6 14. b3 Rc8 15. h4 f6 16. Bh3 Qd7 17. exf6 Bxf6 18. Be3 Qf7 19. Nf4 Rce8 20. Rc1 Nc8 21. Qg4 Bxd4 22. Qxe6 Bb2 23. Qxf7+ Kxf7 24. Rc2 d4 25. Rxb2 dxe3 26. fxe3 Kg8 27. Nd5 Rxf1+ 28. Kxf1 Kg7 29. Bd7 Rf8+ 30. Rf2 Rd8 31. Bxc6 bxc6 32. Nf4 Re8 33. Rc2 Ne7 34. e4 Rc8 35. Rc5 Kf6 36. Ke2 Rd8 37. Nd3 h6 38. Ra5 Rd7 39. Nc5 Rd4 40. Rxa7 g5 41. hxg5+ hxg5 42. a4 Ng6 43. a5 Ne5 44. a6 g4 45. Rb7 Nf3 46. a7 Rd2+ 47. Ke3 Ra2 48. Na4 1-0

[Event "VIII Torneo Karpov"]
[Site "Poikovsky RUS"]
[Date "2007.03.17"]
[Round "3"]
[White "Tkachiev, V."]
[Black "Sutovsky, E."]
[Result "1/2-1/2"]
[WhiteElo "2649"]
[BlackElo "2629"]
[PlyCount "63"]
[EventDate "2007.03.15"]
[Source "www.chesslib.no"]
[SourceDate "2004.05.04"]

1. Nf3 Nf6 2. c4 g6 3. Nc3 d5 4. Qa4+ Bd7 5. Qb3 dxc4 6. Qxc4 a6 7. d4 b5 8. Qb3 c5 9. dxc5 Bg7 10. e4 O-O 11. Be2 Bc6 12. e5 Nfd7 13. Be3 Nxe5 14. Nxe5 Bxe5 15. O-O Qc7 16. f4 Bg7 17. Rad1 e6 18. Qc2 Qb7 19. Rf2 a5 20. Rd6 Nd7 21. Rxc6 Qxc6 22. Bf3 Qa6 23. Bxa8 Rxa8 24. Ne4 Nf6 25. Nxf6+ Bxf6 26. Rd2 Rc8 27. Qe4 Qc6 28. Qxc6 Rxc6 29. b3 Be7 30. Kf1 Kf8 31. Ke2 Ke8 32. a4 1/2-1/2

[Event "IV Campionato UE"]
[Site "Liverpool ING"]
[Date "2008.09.18"]
[Round "10"]
[White "Werle, J."]
[Black "Vachier Lagrave, M."]
[Result "1/2-1/2"]
[WhiteElo "2591"]
[BlackElo "2681"]
[PlyCount "33"]
[EventDate "2008.09.09"]
[Source "www.chesslib.no"]
[SourceDate "2004.05.04"]

1. Nf3 Nf6 2. c4 g6 3. Nc3 d5 4. cxd5 Nxd5 5. Qa4+ Bd7 6. Qh4 Bc6 7. Qd4 Rg8 8. e3 Bg7 9. Qc4 Nb6 10. Qb3 e5 11. e4 N8d7 12. d3 Qe7 13. Be2 Nc5 14. Qc2 Ne6 15. a4 a5 16. O-O g5 17. Be3 1/2-1/2

[Event "ch-Euro Blitz"]
[Site "Ajaccio FRA"]
[Date "2007.10.25"]
[Round "8"]
[White "Landa, K."]
[Black "Mikhalevski, V."]
[Result "0-1"]
[WhiteElo "2678"]
[BlackElo "2584"]
[PlyCount "52"]
[EventDate "2007.10.25"]
[Source "www.chesslib.no"]
[SourceDate "2004.05.04"]

1. Nf3 Nf6 2. c4 g6 3. Nc3 d5 4. Qa4+ Bd7 5. Qb3 dxc4 6. Qxc4 Nc6 7. e4 e5 8. d4 exd4 9. Nxd4 Bg7 10. Bg5 h6 11. Bh4 Qe7 12. Ndb5 Be6 13. Qe2 a6 14. e5 axb5 15. exf6 Bxf6 16. Bxf6 Qxf6 17. Qxb5 O-O 18. Bd3 Nd4 19. Ne4 Qf4 20. Qb4 Rad8 21. Rd1 Bf5 22. Qd2 Qe5 23. O-O Bxe4 24. Rfe1 Nf3+ 25. gxf3 Rxd3 26. Qxd3 Qg5+ 0-1

[Event "IX Camp. europeo T/B WChQual"]
[Site "Plovdiv BUL"]
[Date "2008.05.03"]
[Round "1.2"]
[White "Gustafsson, J."]
[Black "Areshchenko, A."]
[Result "1-0"]
[WhiteElo "2603"]
[BlackElo "2650"]
[PlyCount "87"]
[EventDate "2008.05.03"]
[Source "www.chesslib.no"]
[SourceDate "2004.05.04"]

1. Nf3 Nf6 2. c4 g6 3. Nc3 d5 4. cxd5 Nxd5 5. Qa4+ Bd7 6. Qb3 Nb6 7. d4 Bg7 8. Bf4 Be6 9. Qa3 O-O 10. e3 Nc6 11. Be2 a5 12. Qc5 Nd5 13. Nxd5 Qxd5 14. Qxd5 Bxd5 15. O-O Bxf3 16. Bxf3 e5 17. dxe5 Nxe5 18. Bxb7 Rab8 19. Bd5 Rxb2 20. Rab1 Rfb8 21. Bb3 Rxb1 22. Rxb1 Rc8 23. Kf1 Kf8 24. Ke2 Ke7 25. Bd5 Rd8 26. e4 c6 27. Rb7+ Rd7 28. Rxd7+ Kxd7 29. Bb3 Kc7 30. Bxf7 Kb6 31. Bg8 h6 32. h4 Kb5 33. Bh7 c5 34. Bxe5 Bxe5 35. Bxg6 c4 36. g3 Kc5 37. f4 Bc7 38. Ke3 Bb6 39. e5 Kd5+ 40. Kf3 Kd4 41. g4 Kc3 42. g5 hxg5 43. hxg5 Kb2 44. Be4 1-0

[Event "BL"]
[Site "?"]
[Date "1992.??.??"]
[Round "?"]
[White "Gurevich, Mikhail N"]
[Black "Nunn, John D M"]
[Result "1/2-1/2"]
[WhiteElo "2635"]
[BlackElo "2615"]
[PlyCount "53"]
[EventDate "1992.??.??"]
[Source "www.chesslib.no"]
[SourceDate "2004.05.04"]

1. c4 g6 2. Nc3 Nf6 3. g3 c6 4. Bg2 d5 5. cxd5 cxd5 6. Qb3 e6 7. Nf3 Bg7 8. O-O O-O 9. d3 Nc6 10. Bf4 Re8 11. Rfc1 h6 12. Ne5 Na5 13. Qa4 Nh5 14. Nb5 Nxf4 15. Qxf4 Re7 16. Rab1 a6 17. Nd4 g5 18. Qe3 f6 19. Nef3 e5 20. Nc2 Nc6 21. Qc5 Be6 22. Nb4 Nxb4 23. Qxb4 Bf8 24. Nd2 Rd7 25. Qb3 Kf7 26. Qc2 Re7 27. a3 1/2-1/2